01289nam a2200241 a 450000100100000000500170001000800410002704000250006804100180009308200150011111100820012624502360020824600830044424600560052724600870058326000810067030000200075150000320077171101040080304900090090795201140091699900170103000002834220200930031545.0110303s2004 dr 000 0 spa d aDO-SdBNPbspacBNPHU0 aspaaeng2fre axxxbF356i2 aFeria Internacional del Librod(2004: 26-30 abrilcSanto Domingon7a:)95531910aPrograma :b9na .Coferencias Internacional de escritores y críticos literario del Caribe =b9th International Cabean women writers and scholars=b9eme Congrès international d Ecrivaines et Critiques Llitérainres de la Caribe.10a9na .Coferencias Internacional de escritores y críticos literario del Caribe10a9th International Cabean women writers and scholars10a9eme Congrès International d Ecrivaines et Critiques Llitérainres de la Caribe aSanto Domingo :bSecretaría de Estado de la Mujer,c2004.fEditorial Norma a61 p. ;c23 cm. aPaís invitado Puerto Rico2 aThe biennal conference of the ACWWSc(Santo Domingo, Dominican Republicd2004:n26-30 abril)955320 aBNPD 00107-18PDaPDbPDcOId2011-04-08iLF1l0oxxx F356ip28342-10r2020-06-25w2020-06-25yLFPDZNo se presta c27834d27834